Statistics for Countries with the Greatest Drop in Covid-19 Infections

Click here to take the quiz!

General Stats

  • This quiz has been taken 23 times
  • The average score is 7 of 15

Answer Stats

maximum
number
date of
maximum
% reduction
since then
country% Correct
58,01617 Feb88%China
95%
72,8656 Apr45%Germany
77%
736211 Mar76%South Korea
73%
14.34931 Mar61%Switzerland
68%
49354 Apr78%Australia
64%
9296 Apr67%New Zealand
64%
32,6125 Apr54%Iran
59%
93343 Apr74%Austria
55%
379910 Apr38%Denmark
50%
10966 Apr84%Iceland
41%
14519 Apr81%Thailand
41%
286322 Apr81%Luxembourg
32%
84713 Apr43%Azerbaijan
5%
51021 Apr38%Niger
5%
32713 Apr42%Burkina Faso
0%

Score Distribution

Percentile by Number Answered

Percent of People with Each Score

Your Score History

You have not taken this quiz